Disaster response and planning for libraries / (Record no. 541453)
[ view plain ]
| 000 -LEADER | |
|---|---|
| fixed length control field | 01046mam a2200217 a 4500 |
| 020 ## - INTERNATIONAL STANDARD BOOK NUMBER | |
| International Standard Book Number | 0838908373 |
| 082 00 - DEWEY DECIMAL CLASSIFICATION NUMBER | |
| Classification number | 025.82 |
| Author Mark | KAH |
| -- | M-38 , P-115 |
| 100 1# - MAIN ENTRY--PERSONAL NAME | |
| Personal name | Kahn, Miriam |
| 9 (RLIN) | 36340 |
| 245 10 - TITLE STATEMENT | |
| Title | Disaster response and planning for libraries / |
| Statement of responsibility, etc. | Miriam B. Kahn. |
| 250 ## - EDITION STATEMENT | |
| Edition statement | 1st ed. |
| 260 ## - PUBLICATION, DISTRIBUTION, ETC. | |
| Place of publication, distribution, etc. | Delhi : |
| Name of publisher, distributor, etc. | Indiana, |
| Date of publication, distribution, etc. | 2009. |
| 300 ## - PHYSICAL DESCRIPTION | |
| Extent | xi, 152 p. ; |
| Dimensions | 28 cm. |
| 520 1# - SUMMARY, ETC. | |
| Summary, etc. | "This is a one-stop instruction manual for writing a disaster plan the covers all the bases - response, recovery, prevention, and planning. Easy to read and for all types and all sizes of libraries, Disaster Response and Planning for Libraries is a Loaded toolbox that will be ready should disaster strike."--BOOK JACKET. |
| 526 ## - STUDY PROGRAM INFORMATION NOTE | |
| Program name | 0 |
| Interest level | 0 |
| Reading level | 0 |
| Title point value | 025_820000000000000_KAH |
| 650 #0 - SUBJECT ADDED ENTRY--TOPICAL TERM | |
| Topical term or geographic name entry element | Libraries |
| General subdivision | Safety measures |
| -- | Planning. |
| 9 (RLIN) | 36341 |
| 650 #0 - SUBJECT ADDED ENTRY--TOPICAL TERM | |
| Topical term or geographic name entry element | Libraries |
| General subdivision | Safety measures. |
| 9 (RLIN) | 36342 |
| 650 #0 - SUBJECT ADDED ENTRY--TOPICAL TERM | |
| Topical term or geographic name entry element | Library materials |
| General subdivision | Conservation and restoration |
| -- | Planning. |
| 9 (RLIN) | 36343 |
| 650 #0 - SUBJECT ADDED ENTRY--TOPICAL TERM | |
| Topical term or geographic name entry element | Library materials |
| General subdivision | Conservation and restoration. |
| 9 (RLIN) | 36344 |
| 650 #0 - SUBJECT ADDED ENTRY--TOPICAL TERM | |
| Topical term or geographic name entry element | MCE |
| 9 (RLIN) | 379 |
| 942 ## - ADDED ENTRY ELEMENTS (KOHA) | |
| Source of classification or shelving scheme | |
| Koha item type | Book |
| Withdrawn status | Lost status | Source of classification or shelving scheme | Damaged status | Not for loan | Permanent Location | Current Location | Date acquired | Total Checkouts | Full call number | Barcode | Date last seen | Date last checked out | Price effective from | Koha item type |
|---|---|---|---|---|---|---|---|---|---|---|---|---|---|---|
| Military College of Engineering (MCE) | Military College of Engineering (MCE) | 07/26/2013 | 1 | 025.82 KAH | MCE-47953 | 06/30/2015 | 03/04/2015 | 07/26/2013 | Book |
